000 00595nam a2200205Ia 4500
005 20250923144628.0
008 008 250917s9999 xx 000 0 eng d
037 _aTextual
040 _aDSWL
_beng
_cDSWL
041 _aeng
_2eng
084 _aV2:26:D, J6
_qDSWL
100 _aMookerji, Radhakumud
_9826803
245 0 _aLocal government in ancient India
_cby Radhakumud Mookerji
260 _aDelhi
_b Moti Lal Banarsi Das Pub.
_c1958
300 _axxv,338p.
365 _aINR
_b15
925 _g15
942 _cTEXL
_hV2:26:D, J6
999 _c1441370
_d1441370